Statystyki dla Stolice Oceanii

Kliknij tutaj aby rozwiązać quiz!

Ogólne statystyki

  • Ten quiz został rozwiązany 10 597 razy
  • Średni wynik to 8 z 14

Odpowiedzi na mapie

Odpowiedzi skodowane kolorowo w zielono-czerwonej skali na mapie do tego quizu, zgodnie z poniższymi procentami.
 

Statystyki odpowiedzi

PaństwoStolica% Poprawnych
AustraliaCanberra
96%
Nowa
Zelandia
Wellington
86%
Papua-Nowa
Gwinea
Port
Moresby
64%
FidżiSuva
63%
Wyspy
Salomona
Honiara
53%
NauruYaren
53%
SamoaApia
50%
VanuatuPort Vila
50%
TongaNukuʻalofa
45%
MikronezjaPalikir
44%
KiribatiTarawa
44%
PalauNgerulmud
43%
Wyspy
Marshalla
Majuro
39%
TuvaluFunafuti
38%

Rozkład punktacji

Percentyl według liczby udzielonych odpowiedzi

Procent ludzi z każdym wynikiem

Twoja historia wyników

Nie rozwiązałeś tego quizu